Statistics for Nationality Quiz

Click here to take the quiz!

General Stats

  • This quiz has been taken 140 times
  • The average score is 14 of 18

Answer Stats

CountryNationality% Correct
ChinaChinese
100%
FranceFrench
99%
TurkeyTurkish
99%
BrazilBrazilian
98%
EgyptEgyptian
97%
MexicoMexican
96%
United KingdomBritish
95%
FinlandFinnish
90%
HaitiHaitian
90%
The NetherlandsDutch
84%
NigerNigerien
84%
ChileChilean
81%
New ZealandKiwi
80%
BangladeshBangladeshi
71%
ChadChadian
66%
EswatiniLiswati
50%
MonacoMonacoian
31%
BotswanaMotswana
10%

Score Distribution

Percentile by Number Answered

Percent of People with Each Score

Your Score History

You have not taken this quiz